000 00379nam a2200169Ia 4500
005 20250423100234.0
008 250422s9999 xx 000 0 und d
020 _a0- 534- 36550- 7
050 _aQA 445.2. T48/
100 _aDavid A. Thomas
245 0 _aModern geometry
260 _bBob Pirtle
260 _c2002
300 _a348 p
650 _aGeometry
942 _cBK
999 _c32699
_d32699